[Event "GRE-ch Online Blitz op 1st"]
[Site "Tornelo INT"]
[Date "2021.02.07"]
[Round "12"]
[White "Giouvantsioudis, Konstantinos"]
[Black "Avdeliodis, Ioannis"]
[Result "0-1"]
[WhiteElo "1629"]
[BlackElo "1354"]
[PlyCount "113"]
[EventDate "2021.02.07"]
[EventType "swiss (blitz)"]
[EventRounds "16"]
[EventCountry "GRE"]
[SourceTitle "EXT 2023"]
[Source "ChessBase"]
[SourceDate "2022.10.05"]
[SourceVersion "1"]
[SourceVersionDate "2022.10.05"]
[SourceQuality "1"]

1. d4 d5 2. c4 e5 3. dxe5 d4 4. Nf3 Nc6 5. a3 a5 6. e3 Bc5 7. exd4 Nxd4 8. Nxd4 Qxd4 9. Qxd4 Bxd4 10. f4 Ne7 11. Bd3 Bf5 12. Bxf5 Nxf5 13. Nd2 Ne3 14. Ra2 Nxg2+ 15. Kd1 Nxf4 16. Nf3 Ne6 17. b3 Rd8 18. Ke2 0-0 19. Bd2 b6 20. b4 Rfe8 21. Re1 axb4 22. axb4 Ra8 23. Rc2 Ra3 24. Ng5 Bxe5 25. h4 Bg3 26. Nxe6 Rxe6+ 27. Kf1 Bxe1 28. Bxe1 Ra1 29. Re2 Rxe2 30. Kxe2 Kf8 31. Bg3 Ra2+ 32. Kd3 c6 33. Bd6+ Ke8 34. Be5 f6 35. Bd6 Kd7 36. Bf8 Rg2 37. Ke4 Ke6 38. Kf3 Rg6 39. h5 Rg5 40. h6 gxh6 41. Bxh6 Rh5 42. Bf4 Kf5 43. Bc7 Rh3+ 44. Kg2 Rc3 45. Bxb6 Rxc4 46. Ba5 h5 47. Kh3 Kg5 48. Kg3 Rc3+ 49. Kh2 Rb3 50. Kg2 Kg4 51. Kf2 h4 52. Kg1 h3 53. Kf2 Rb2+ 54. Ke3 h2 55. b5 h1Q 56. b6 Qf3+ 57. Kd4 0-1

[Event "GRE-ch Online Blitz op 1st"]
[Site "Tornelo INT"]
[Date "2021.02.07"]
[Round "16"]
[White "Stoimenidis, Dimitrios"]
[Black "Avdeliodis, Ioannis"]
[Result "1-0"]
[WhiteElo "1561"]
[BlackElo "1354"]
[PlyCount "31"]
[EventDate "2021.02.07"]
[EventType "swiss (blitz)"]
[EventRounds "16"]
[EventCountry "GRE"]
[SourceTitle "EXT 2023"]
[Source "ChessBase"]
[SourceDate "2022.10.05"]
[SourceVersion "1"]
[SourceVersionDate "2022.10.05"]
[SourceQuality "1"]

1. e4 d5 2. exd5 Nf6 3. Nc3 e6 4. dxe6 Bxe6 5. d4 c5 6. Be3 Qb6 7. d5 Qxb2 8. Na4 Qb4+ 9. c3 Qg4 10. dxe6 Qxe6 11. Nf3 Nc6 12. Be2 Rd8 13. Qb3 Qg4 14. Qxb7 Ne7 15. Bb5+ Nd7 16. Nxc5 1-0